| 000 | 00352nam a22000977a 4500 | ||
|---|---|---|---|
| 008 | 110705t xxu||||| |||| 00| 0 eng d | ||
| 010 | _aHCMAF103 | ||
| 245 | _aHigh Court Misc. Application No. 1303 OF 2000 (Arising from Civil Suit No. GK 236 of 1991) Dairy Corporation Vs Opio Kahawa | ||
| 260 | _c2000 | ||
| 500 | _aBEFORE: THE HON. MR. JUSTICE MOSES MUKIIBI | ||
| 999 |
_c4548 _d4548 |
||